| 000 | 00691cam a2200253 4500 | ||
|---|---|---|---|
| 008 | 090401t1996 xxu||||| |||| 00| 0 eng d | ||
| 020 | _a0632039698 | ||
| 035 | _a(Sirsi) u51441 | ||
| 041 | _aeng | ||
| 050 | _a368.56 | ||
| 100 | _aEaglestone, Frank | ||
| 245 | _aInsurance under the JCT forms | ||
| 250 | _a2nd edition | ||
| 260 |
_aLondon _bBlackwell Science _c1996 |
||
| 300 | _aviii,328p. ; 24cm. | ||
| 350 | _a39.5 | ||
| 650 | _aBUILT ENVIRONMENT-BUILDING CONTRACT FORMS | ||
| 650 | _aJCT STANDARD FORM OF CONTRACT 1980 | ||
| 650 | _aLIABILITY | ||
| 690 | _aBUILT ENVIRONMENT-BUILDING CONTRACT FORMS | ||
| 690 |
_aINSURANCE _96249 |
||
| 942 | _n0 | ||
| 948 | _c04/03/1997 | ||
| 999 |
_c92903 _d92903 |
||